| 000 | 00880nam a2200181Ia 4500 | ||
|---|---|---|---|
| 008 | 151202s9999||||xx |||||||||||||| ||und|| | ||
| 082 | _bPNVM-71210 | ||
| 100 | _aशाळीग्राम वि.मो. | ||
| 245 | _aभारतीय युध्द व प्रमुख घटना यांचा काल निर्णय. | ||
| 260 | _bविदर्भ मराठवाठडा बुक कंपनी पुणे. | ||
| 260 | _c71210 | ||
| 300 | _a70 | ||
| 600 | _aशाळीग्राम वि.मो. | ||
| 630 | _aभारतीय युध्द व प्रमुख घटना यांचा काल निर्णय. | ||
| 700 | _aशाळीग्राम वि.मो. | ||
| 730 | _aभारतीय युध्द व प्रमुख घटना यांचा काल निर्णय. | ||
| 942 | _cBOOK | ||
| 999 |
_c1337713 _d1337710 |
||